Random Stationary Items by Picture - Statistics

General Stats
  • This quiz has been taken 27 times
  • The average score is 7 of 8
Answer Stats
Picture Answer % Correct
Craft Glue
100%
Crayons
100%
Paper
96%
Stapler
96%
Tape
92%
Colored Pencils
84%
Felt Tip Pens
84%
Gel Pen
72%
No matching quizzes found
Score Distribution
Percent of People with Each Score
Percentile by Number Answered
Your Score History
You have not taken this quiz